| 000 | 00000nam 2200000za 4500 |
| 001 | 9.843525 |
| 003 | CaOODSP |
| 005 | 20221107152536 |
| 007 | cr ||||||||||| |
| 008 | 171106q1983 xxc |o f|0| 0 eng d |
| 040 | |aCaOODSP|beng |
| 043 | |an-cn--- |
| 086 | 1 |aNH15-647/1983E-PDF |
| 100 | 1 |aMagid, Howard. |
| 245 | 10|aHousing and human settlement issues in sparsely populated areas of the world as related to the development of housing policies for the native people of Canada |h[electronic resource] / |cby Howard Magid. |
| 260 | |a[Ottawa] : |bCanada Mortgage and Housing Corporation, |c[1983?] |
| 300 | |a12 p. |
| 500 | |aDigitized edition from print produced 2015 [for Canada Mortgage and Housing Corporation]. |
| 520 | |a"This paper focuses on some of the fundamental concerns facing development projects and human settlements in harsh climates. While attempting to define a philosophy of development, considerable attention has been paid to the contextual framework and the institutional process. The latter part of this report describes housing as a part of the social contract, a right and a cultural entity"--Introd. |
| 692 | 07|2gccst|aHousing |
| 692 | 07|2gccst|aAboriginal peoples |
| 710 | 2 |aCanada Mortgage and Housing Corporation. |
| 856 | 40|qPDF|s313 KB|uhttps://publications.gc.ca/collections/collection_2017/schl-cmhc/nh15/NH15-647-1983-eng.pdf |